Criminologa̕ sociolg̤ica Estudio de los fenm̤enos sociales de la criminalidad para su prevencin̤ /

Bibliographic Details
Main Author: Ro̕s Patio, Gino
Other Authors: Hikal, Wael
Format: eBook
Language:Spanish
Subjects:
Online Access:Acceso restringido

MARC

LEADER 00000nam a22000007a 4500
005 20211109215427.0
007 cr|||| |||
008 211109s2021 pe |||||s|||| 00||0 spa d
020 |a 978-612-4460-33-3 
035 |a 35361 
040 |a vLex 
090 |c 12641  |d 12641 
100 1 |a Ro̕s Patio, Gino 
245 1 0 |a Criminologa̕ sociolg̤ica  |h [Recurso electrn̤ico] :  |b Estudio de los fenm̤enos sociales de la criminalidad para su prevencin̤ /  |c Gino Ro̕s Patio, Wael Hikal 
256 |a Servicio en ln̕ea 
300 |a 1 recurso electrn̤ico 
506 1 |a Disponible solo en los productos indicados  |d vLex Global  |d vLex Global (Academic Edition, excluding Law Schools)  |d vLex Global (U.S. Academic Edition, Law Schools)  |d vLex Global (U.S. Academic Edition, excluding Law Schools)  |d vLex Global (Academic Edition, Law Schools) 
650 0 4 |a Derecho Penal  |z Per︢ 
700 1 |a Hikal, Wael 
740 0 |a vLex Libros (Servicio en ln̕ea) 
856 4 0 |u https://app.vlex.com/#/sources/35361  |z Acceso restringido 
942 |c BOOK 
999 0 |a Criminal law